000 00655nam a2200241Ia 4500
003 OSt
005 20220926004243.0
006 a|||||r|||| 00| 0
007 ta
008 220923b |||||||| |||| 00| 0 eng d
037 _cGeneral Book
040 _aRTL
_cRTL
_beng
041 _2eng
_aeng
082 _aU43.2.N9, N2
100 _aSingh R P
_950467
245 0 _aRegional planning in India
260 _a New Delhi
_bRadha Publications India
_c1992
300 _av, 256p.
_ccm.
500 _aBibliography p.243-51
650 _aUrban Geography
942 _hU43.2.N9, N2
_cGB
_2CC
999 _c610389
_d610389